Fast lanes (Record no. 8638)

MARC details
000 -LEADER
fixed length control field 00796cab a2200229 4500
001 - CONTROL NUMBER
control field WB2804-69
008 - FIXED-LENGTH DATA ELEMENTS--GENERAL INFORMATION
fixed length control field 090401t1992 xxu||||| |||| 00| 0 eng d
035 ## - SYSTEM CONTROL NUMBER
System control number (Sirsi) u13394
041 ## - LANGUAGE CODE
Language code of text/sound track or separate title eng
245 ## - TITLE STATEMENT
Title Fast lanes
260 ## - PUBLICATION, DISTRIBUTION, ETC.
Date of publication, distribution, etc. 1992
350 ## - PRICE (NR) (BK AM CF MU VM SE) [OBSOLETE]
Price 0
490 ## - SERIES STATEMENT
Series statement Guardian
Volume/sequential designation 23 January 1992, 3
490 ## - SERIES STATEMENT
Series statement Times
Volume/sequential designation 23 January 1992, 3
490 ## - SERIES STATEMENT
Series statement Department of Transport Press Notice
Volume/sequential designation (17) 22 January 1992 (5)
520 ## - SUMMARY, ETC.
Summary, etc. Four cities, Birmingham, Belfast, Hull and Leeds, are considering setting up red routes to tackle traffic congestion, after an announcement that London is to get a 300-mile network of priority traffic routes by 1996.
650 ## - SUBJECT ADDED ENTRY--TOPICAL TERM
Topical term or geographic name entry element RED ROUTES
650 ## - SUBJECT ADDED ENTRY--TOPICAL TERM
Topical term or geographic name entry element TRAFFIC CONGESTION
690 ## - LOCAL SUBJECT ADDED ENTRY--TOPICAL TERM (OCLC, RLIN)
Topical term or geographic name as entry element TRANSPORT AND COMMUNICATIONS
942 ## - ADDED ENTRY ELEMENTS (KOHA)
Suppress in OPAC 0
948 ## - LOCAL PROCESSING INFORMATION (OCLC); SERIES PART DESIGNATOR (RLIN)
c (OCLC) 04/03/1997
Holdings
Withdrawn status Lost status Source of classification or shelving scheme Damaged status Not for loan Home library Current library Shelving location Date acquired Total Checkouts Full call number Barcode Date last seen Copy number Price effective from Koha item type
    Dewey Decimal Classification     London London News article 14/09/1999   WB2804-69 13394-1001 06/08/2019 1 06/08/2019 News article